[Event "Agneaux St Lo op 17th"]
[Site "Agneaux"]
[Date "2016.07.12"]
[Round "7.3"]
[White "Bouton, Hector"]
[Black "Gillot, Florent"]
[Result "1/2-1/2"]
[WhiteElo "1653"]
[BlackElo "1888"]
[PlyCount "121"]
[EventDate "2016.07.07"]
[EventType "swiss"]
[EventRounds "9"]
[EventCountry "FRA"]
[SourceTitle "EXT 2020"]
[Source "ChessBase"]
[SourceDate "2019.10.17"]
[SourceVersion "1"]
[SourceVersionDate "2019.10.17"]
[SourceQuality "1"]

1. d4 Nf6 2. c4 e5 3. dxe5 Ng4 4. Nf3 Bc5 5. e3 Nc6 6. Nc3 Ngxe5 7. Nxe5 Nxe5 8. Be2 d6 9. 0-0 0-0 10. b3 a5 11. Bb2 Bf5 12. e4 Bd7 13. Bd3 Qh4 14. Qc2 f5 15. exf5 Nxd3 16. Qxd3 Bxf5 17. Qd2 Rf6 18. Nd5 Rh6 19. Qf4 Qxf4 20. Nxf4 c6 21. Rad1 Bg4 22. Rd2 Bb4 23. Rd4 g5 24. Nd3 Be2 25. Rc1 Re6 26. a3 Bd2 27. Rb1 Rae8 28. h3 Bh5 29. Bc1 Bc3 30. Bb2 Bxd4 31. Bxd4 Bg6 32. Rd1 Bxd3 33. Rxd3 b5 34. cxb5 cxb5 35. Be3 h6 36. Rd5 Rb8 37. a4 bxa4 38. bxa4 Ra8 39. Bd2 Kf7 40. Bxa5 Re5 41. Rxe5 dxe5 42. Bc7 Rxa4 43. Bxe5 Ke6 44. Bc3 Kf5 45. g4+ Kg6 46. Kg2 h5 47. gxh5+ Kxh5 48. Be5 Ra2 49. Bd6 Kg6 50. Bc7 Kf5 51. Bd6 Ke4 52. Be7 Ra5 53. Bd6 Rf5 54. Bg3 Kd3 55. Bc7 Ke2 56. Bg3 Rf8 57. h4 g4 58. h5 Rh8 59. Bh4 Rxh5 60. Kg3 Rf5 61. Kxg4 1/2-1/2

[Event "Agneaux St Lo op 17th"]
[Site "Agneaux"]
[Date "2016.07.09"]
[Round "4.1"]
[White "Gits, Alexis"]
[Black "Bouton, Hector"]
[Result "1-0"]
[WhiteElo "1940"]
[BlackElo "1647"]
[PlyCount "77"]
[EventDate "2016.07.07"]
[EventType "swiss"]
[EventRounds "9"]
[EventCountry "FRA"]
[SourceTitle "EXT 2020"]
[Source "ChessBase"]
[SourceDate "2019.10.17"]
[SourceVersion "1"]
[SourceVersionDate "2019.10.17"]
[SourceQuality "1"]

1. e4 d5 2. exd5 Nf6 3. d4 Nxd5 4. c4 Nb6 5. Nc3 e5 6. dxe5 Qxd1+ 7. Nxd1 Nc6 8. Nf3 Be6 9. Ne3 0-0-0 10. Bd2 Bc5 11. Rc1 Nd7 12. Bc3 Bxe3 13. fxe3 Bg4 14. Be2 Rhe8 15. Kf2 Bxf3 16. gxf3 Ndxe5 17. Rcd1 f6 18. Rhg1 Re7 19. b4 Rxd1 20. Rxd1 g6 21. h4 f5 22. Rd5 Nd7 23. c5 a6 24. h5 Nce5 25. hxg6 hxg6 26. a4 Re6 27. Rd1 Nf6 28. Bxe5 Rxe5 29. Bc4 Re7 30. Rg1 Rg7 31. Be6+ Kd8 32. Bxf5 g5 33. Rd1+ Nd7 34. Kg3 Ke8 35. Rxd7 Rxd7 36. Bxd7+ Kxd7 37. Kg4 c6 38. Kxg5 b6 39. a5 1-0